• 首页
  • 本馆介绍
  • 公告通知
  • 最新文献
  • 馆藏检索
  • 电子资源
  • 读者导购
  • 参考咨询
  • 我的图书馆
  • 登录
  • 详细信息显示
  • 放入我的书架
  • 预约/预借图书
  • 作者相关作品
  • 分类相关作品
  • 丛书相关作品
  • 出版社相关作品

书目信息

  • 表格格式
  • 工作单格式
  • 卡片格式
题名:
有限群论基础
    
 
作者: 王萼芳 编著
分册:  
出版信息: 北京   清华大学出版社  2002
页数: 222页
开本: 20cm
丛书名:
单 册:
中图分类: O152.1
科图分类:
主题词: 有限群--群论
电子资源:
ISBN: 7-302-05535-1
000 00736nam0 2200217 450
001 04000104473
005 20050906141154.50
010    @a7-302-05535-1@dCNY12.00
100    @a20030221d2002 em y0chiy0110 ea
101 0  @achi
102    @aCN@b110000
105    @ay z 000yy
200 1  @a有限群论基础@Ayou xian qun lun ji chu@f王萼芳编著@Fwang e fang bian zhu
210    @a北京@c清华大学出版社@d2002
215    @a222页@d20cm
330    @a本书内容包括了常用的有限群理论及其表示论的一般概念及结论,阐述了有限群论的基本概念及处理有限群的方法,并介绍了有限群表示的基本概念及常用的结论。
606 0  @a有限群@x群论
690    @aO152.1@v4
701  0 @a王萼芳@Awang e fang@4编著
801  0 @aCN@bTSSF@c20050906
905    @a10447@dO152.1@e26
    
    有限群论基础/王萼芳编著.-北京:清华大学出版社,2002
    222页;20cm
    
    
    ISBN 7-302-05535-1:CNY12.00
    本书内容包括了常用的有限群理论及其表示论的一般概念及结论,阐述了有限群论的基本概念及处理有限群的方法,并介绍了有限群表示的基本概念及常用的结论。
●
相关链接 在E读中查询图书 在五车中查询图书 在当当中查询图书 在豆瓣中查询图书


正题名:有限群论基础     索取号:O152.1/26         预约/预借

序号 登录号 条形码 馆藏地/架位号 状态 备注
1 0360190   3601908   第二样本阅览室/ [索取号:O152.1/26] 在馆    
2 0360191   3601917   第三借阅区/ [索取号:O152.1/26] 在馆    
3 0360192   3601926   第三借阅区/ [索取号:O152.1/26] 在馆    
4 0360193   3601935   第三借阅区/ [索取号:O152.1/26] 在馆    
5 0360194   3601944   第三借阅区/ [索取号:O152.1/26] 在馆    
唐山师范学院图书馆 欢迎您!
大连网信软件有限公司© 版权所有